البيئة المائية / (رقم التسجيلة. 97842)

تفاصيل مارك
000 -LEADER
fixed length control field 011310am a2200277 004500
003 - CONTROL NUMBER IDENTIFIER
control field EG-GiCUC
008 - FIXED-LENGTH DATA ELEMENTS--GENERAL INFORMATION
fixed length control field 071002s2004 jo a g 000 0 ara d
017 ## - COPYRIGHT OR LEGAL DEPOSIT NUMBER
Copyright or legal deposit number 2003 / 12 / 2640
Assigning agency الاردن.دائرة المكتبة الوطنية
040 ## - CATALOGING SOURCE
Original cataloging agency EG-GiCUC
Language of cataloging ara
Transcribing agency EG-GiCUC
092 04 - LOCALLY ASSIGNED DEWEY CALL NUMBER (OCLC)
Classification number 577.6
Item number D1118
Edition number 21
099 ## - LOCAL FREE-TEXT CALL NUMBER (OCLC)
Classification number 04
-- 577.6 D1118
100 1# - MAIN ENTRY--PERSONAL NAME
Personal name الدباغ : رياض حامد
245 12 - TITLE STATEMENT
Title البيئة المائية /
Statement of responsibility, etc. تاليف رياض حامد الدباغ : حسين على السعدى
246 01 - VARYING FORM OF TITLE
Title proper/short title Aquatic Environment
260 ## - PUBLICATION, DISTRIBUTION, ETC.
Place of publication, distribution, etc. اربد : الاردن :
Name of publisher, distributor, etc. مؤسسة حمادة للدراسات الجامعية و النشر و التوزيع :
Date of publication, distribution, etc. 2003
300 ## - PHYSICAL DESCRIPTION
Extent 308ص :
Other physical details ايض ؛
Dimensions 24سم
504 ## - BIBLIOGRAPHY, ETC. NOTE
Bibliography, etc. note يشتمل على ارجاعات ببليوجرافية (ص283-308)
650 #7 - SUBJECT ADDED ENTRY--TOPICAL TERM
Topical term or geographic name entry element البيئة البحرية
Source of heading or term qrmak
650 #7 - SUBJECT ADDED ENTRY--TOPICAL TERM
Topical term or geographic name entry element المياه
General subdivision تلوث
Source of heading or term qrmak
650 #7 - SUBJECT ADDED ENTRY--TOPICAL TERM
Topical term or geographic name entry element بيئة المياه العذبة
Source of heading or term qrmak
700 1# - ADDED ENTRY--PERSONAL NAME
Personal name السعدى : حسين على
Relator term
902 ## - LOCAL DATA ELEMENT B, LDB (RLIN)
No. of Items 1
905 ## - LOCAL DATA ELEMENT E, LDE (RLIN)
Cataloger جمال
Reviser مدخل
905 ## - LOCAL DATA ELEMENT E, LDE (RLIN)
Cataloger جيهان
Reviser مراجع
942 ## - ADDED ENTRY ELEMENTS (KOHA)
Source of classification or shelving scheme Dewey Decimal Classification
Koha item type Books
المقتنيات
Source of classification or shelving scheme Not for loan Home library Current library Date acquired Full call number Barcode Date last seen Copy number Koha item type
Dewey Decimal Classification   المكتبة المركزبة الجديدة - جامعة القاهرة قاعة الكتب - الدور الثاني 11.02.2024 577.6 D1118 01000100112609000 23.09.2023 C.1 Books
Cairo University Libraries Portal Implemented & Customized by: Eng. M. Mohamady Contacts: new-lib@cl.cu.edu.eg | cnul@cl.cu.edu.eg
CUCL logo CNUL logo
© All rights reserved — Cairo University Libraries
CUCL logo
Implemented & Customized by: Eng. M. Mohamady Contact: new-lib@cl.cu.edu.eg © All rights reserved — New Central Library
CNUL logo
Implemented & Customized by: Eng. M. Mohamady Contact: cnul@cl.cu.edu.eg © All rights reserved — Cairo National University Library